Получение высокоэффективного теплоизоляционного строительного материала на основе техногенных отходов; Современные техника и технологии; Т. 2

Podrobná bibliografie
Parent link:Современные техника и технологии: сборник трудов XVII международной научно-практической конференции студентов, аспирантов и молодых ученых, Томск, 18-22 апреля 2011 г/ Национальный исследовательский Томский политехнический университет (ТПУ).— , 2011
Т. 2.— 2011.— [С. 169-170]
Hlavní autor: Кузнецова Н. А.
Další autoři: Казьмина О. В. Ольга Викторовна (научный руководитель)
Shrnutí:Заглавие с титульного экрана
Jazyk:ruština
Vydáno: 2011
Edice:Материаловедение
Témata:
On-line přístup:http://www.lib.tpu.ru/fulltext/c/2011/C01/V02/081.pdf
Médium: MixedMaterials Elektronický zdroj Kapitola
KOHA link:https://koha.lib.tpu.ru/cgi-bin/koha/opac-detail.pl?biblionumber=234462

MARC

LEADER 00000naa2a2200000 4500
001 234462
005 20260209092225.0
035 |a (RuTPU)RU\TPU\book\255586 
035 |a RU\TPU\book\255583 
090 |a 234462 
100 |a 20130326d2011 k y0rusy50 ca 
101 0 |a rus 
102 |a RU 
135 |a drnn ---uucaa 
181 0 |a i  
182 0 |a b 
200 1 |a Получение высокоэффективного теплоизоляционного строительного материала на основе техногенных отходов  |f Н. А. Кузнецова  |g науч. рук. О. В. Казьмина 
203 |a Текст  |c электронный 
225 1 |a Материаловедение 
300 |a Заглавие с титульного экрана 
320 |a [Библиогр.: с. 170 (1 назв.)] 
337 |a Adobe Reader 
461 1 |0 (RuTPU)RU\TPU\book\255301  |t Современные техника и технологии  |o сборник трудов XVII международной научно-практической конференции студентов, аспирантов и молодых ученых, Томск, 18-22 апреля 2011 г  |o в 3 т.  |f Национальный исследовательский Томский политехнический университет (ТПУ)  |d 2011 
463 1 |0 (RuTPU)RU\TPU\book\255307  |t Т. 2  |v [С. 169-170]  |d 2011 
610 1 |a труды учёных ТПУ 
610 1 |a электронный ресурс 
610 1 |a строительные материалы 
610 1 |a техногенные отходы 
610 1 |a получение 
610 1 |a технологии 
700 1 |a Кузнецова  |b Н. А. 
702 1 |a Казьмина  |b О. В.  |c химик-технолог  |c профессор Томского политехнического университета, доктор технических наук  |f 1967-  |g Ольга Викторовна  |3 (RuTPU)RU\TPU\pers\26196  |4 727 
801 2 |a RU  |b 63413507  |c 20130416  |g RCR 
856 4 |u http://www.lib.tpu.ru/fulltext/c/2011/C01/V02/081.pdf 
942 |c CF